<?xml version="1.0" encoding="UTF-8"?>
<record
    xmlns:xsi="http://www.w3.org/2001/XMLSchema-instance"
    xsi:schemaLocation="http://www.loc.gov/MARC21/slim http://www.loc.gov/standards/marcxml/schema/MARC21slim.xsd"
    xmlns="http://www.loc.gov/MARC21/slim">

  <leader>02545nam a22003137a 4500</leader>
  <controlfield tag="001">17</controlfield>
  <controlfield tag="003">OSt</controlfield>
  <controlfield tag="005">20250207103607.0</controlfield>
  <controlfield tag="008">250120b        |||||||e |||| 00| 0 eng d</controlfield>
  <datafield tag="020" ind1=" " ind2=" ">
    <subfield code="a">8528604934</subfield>
  </datafield>
  <datafield tag="040" ind1=" " ind2=" ">
    <subfield code="b">por</subfield>
  </datafield>
  <datafield tag="041" ind1=" " ind2=" ">
    <subfield code="h">spa</subfield>
    <subfield code="a">por</subfield>
  </datafield>
  <datafield tag="082" ind1=" " ind2=" ">
    <subfield code="a">920</subfield>
    <subfield code="b">A432p</subfield>
  </datafield>
  <datafield tag="100" ind1=" " ind2=" ">
    <subfield code="a">Allende, Isabel</subfield>
    <subfield code="d">1942-</subfield>
    <subfield code="9">29</subfield>
  </datafield>
  <datafield tag="245" ind1=" " ind2=" ">
    <subfield code="a">Paula /</subfield>
    <subfield code="c">Allende, Isabel ; Tradu&#xE7;&#xE3;o de Irene Moutinho</subfield>
  </datafield>
  <datafield tag="250" ind1=" " ind2=" ">
    <subfield code="a">3&#xB0; edi&#xE7;&#xE3;o</subfield>
  </datafield>
  <datafield tag="260" ind1=" " ind2=" ">
    <subfield code="a">Rio de Janeiro</subfield>
    <subfield code="b">Bertrand Brasil</subfield>
    <subfield code="c">1995</subfield>
  </datafield>
  <datafield tag="300" ind1=" " ind2=" ">
    <subfield code="a">468 p.</subfield>
  </datafield>
  <datafield tag="520" ind1=" " ind2=" ">
    <subfield code="a">Aclamada autora latino-americana, Isabel Allende sensibilizou milhares de leitores em todo o mundo ao publicar Paula, o mais comovente, pessoal e revelador de seus livros. Em dezembro de 1991, sua filha Paula &#xE9; internada em um hospital da Espanha, gravemente enferma. A escritora acompanha o sofrimento da filha que se prolonga durante meses, em um coma irrevers&#xED;vel, e escreve a hist&#xF3;ria de sua fam&#xED;lia para a jovem inconsciente, na esperan&#xE7;a de que algum dia ela desperte. Encantados, temos acesso &#xE0;s mem&#xF3;rias de inf&#xE2;ncia de Isabel Allende, os relatos sobre seus ancestrais, sobre a sua juventude e seus segredos mais &#xED;ntimos. O Chile e a turbulenta hist&#xF3;ria do golpe militar de 1973, a ditadura e o ex&#xED;lio de sua fam&#xED;lia s&#xE3;o pontos altos dessa autobiografia inesquec&#xED;vel. Paula &#xE9; uma evoca&#xE7;&#xE3;o e um hino &#xE0; vida, escrito com for&#xE7;a e coragem de uma mulher que soube dar a volta por cima Filha de um diplomata e sobrinha do presidente chileno Salvador Allende, Isabel Allende nasceu no Peru em 1942. Iniciou a carreira de jornalista aos 17 anos, trabalhando em peri&#xF3;dicos e como colaboradora da FAO (Food and Agriculture Organization, &#xF3;rg&#xE3;o das Na&#xE7;&#xF5;es Unidas) em Santiago do Chile. Ap&#xF3;s o golpe do general Augusto Pinochet e a morte de Salvador Allende, em 1973, foi obrigada a abandonar o seu pa&#xED;s com a fam&#xED;lia e ir para a Venezuela, onde trabalhou como rep&#xF3;rter do jornal El Nacional e come&#xE7;ou a escrever hist&#xF3;rias infantis e algumas pe&#xE7;as teatrais. Em 1982, publicou seu primeiro romance A casa dos esp&#xED;ritos, que inicialmente era apenas uma carta para seu av&#xF4; de 99 anos. Considerada um dos principais nomes da literatura latino-americana, sua obra &#xE9; marcada pela cr&#xF4;nica familiar e por seu posicionamento pol&#xED;tico.</subfield>
  </datafield>
  <datafield tag="650" ind1=" " ind2="0">
    <subfield code="a">Literatura Chilena</subfield>
    <subfield code="9">88</subfield>
  </datafield>
  <datafield tag="650" ind1=" " ind2="0">
    <subfield code="a">Fatos Reais</subfield>
    <subfield code="9">33</subfield>
  </datafield>
  <datafield tag="650" ind1=" " ind2="0">
    <subfield code="a">Supera&#xE7;&#xE3;o</subfield>
    <subfield code="9">27</subfield>
  </datafield>
  <datafield tag="650" ind1=" " ind2="0">
    <subfield code="a">Ditadura</subfield>
    <subfield code="9">34</subfield>
  </datafield>
  <datafield tag="650" ind1=" " ind2="0">
    <subfield code="a">Familia</subfield>
    <subfield code="9">35</subfield>
  </datafield>
  <datafield tag="655" ind1=" " ind2="0">
    <subfield code="a">Romance</subfield>
    <subfield code="9">23</subfield>
  </datafield>
  <datafield tag="655" ind1=" " ind2="0">
    <subfield code="a">Biografia </subfield>
    <subfield code="9">36</subfield>
  </datafield>
  <datafield tag="700" ind1=" " ind2=" ">
    <subfield code="a">Irene Moutinho</subfield>
    <subfield code="e">Tradutor</subfield>
    <subfield code="9">38</subfield>
  </datafield>
  <datafield tag="942" ind1=" " ind2=" ">
    <subfield code="2">ddc</subfield>
    <subfield code="n">0</subfield>
    <subfield code="c">BK</subfield>
  </datafield>
  <datafield tag="952" ind1=" " ind2=" ">
    <subfield code="0">0</subfield>
    <subfield code="1">0</subfield>
    <subfield code="2">ddc</subfield>
    <subfield code="4">0</subfield>
    <subfield code="7">0</subfield>
    <subfield code="8">BIO</subfield>
    <subfield code="a">BIBIB</subfield>
    <subfield code="b">BIBIB</subfield>
    <subfield code="c">LE</subfield>
    <subfield code="d">2016-02-16</subfield>
    <subfield code="e">doa&#xE7;&#xE3;o</subfield>
    <subfield code="l">0</subfield>
    <subfield code="o">920 / A432p</subfield>
    <subfield code="p">2025-15123</subfield>
    <subfield code="r">2025-01-20 08:34:18</subfield>
    <subfield code="w">2025-01-20</subfield>
    <subfield code="y">BK</subfield>
  </datafield>
  <datafield tag="999" ind1=" " ind2=" ">
    <subfield code="c">17</subfield>
    <subfield code="d">17</subfield>
  </datafield>
</record>
